000 01393 a2200325 4500
001 0000
003 0000
005 20251017104042.0
020 _a9781630576271
040 _aBTCTA
_cBTCTA
_dBAKER
_dBWX
_dIUL
_dYDXCP
_dORX
_dDLC
_erda
042 _alccopycat
050 0 0 _aTA 174 .P53
100 1 _aPlanchard, David C.
245 1 2 _aEngineering Graphics with SOLIDWORKS 2024/
_cDavid C. Planchard
_bA step by step project based approach utilizing 3D solid modelling
264 _aMission
_bSDC Publications
_c2024
300 _a1 v. (various pagings) :
_bill. ;
_c28 cm +
_e1 CD-ROM (4 3/4 in.)
336 _2rdacontent
338 _2rdacarrier
500 _aIncludes index.
630 0 0 _aSolidWorks.
650 0 _aEngineering graphics.
_2Computer-aided design.
_vSolid modeling (Computer graphics).
650 0 _a
_vSOLIDWORKS (Computer file).
650 0 _aComputer-aided design.
856 4 2 _3Contributor biographical information
_uhttp://www.loc.gov/catdir/enhancements/fy1302/2008938723-b.html
856 4 2 _3Publisher description
_uhttp://www.loc.gov/catdir/enhancements/fy1302/2008938723-d.html
906 _a7
_bcbc
_ccopycat
_d2
_encip
_f20
_gy-gencatlg
942 _2lcc
_cBK
999 _c43880
_d43880